00586 2200217 4500001002100000005001700021008004100038035002500079040001200104082000800116084001400124100001300138245005400151260005100205300002000256650003200276850001200308990001600320990001600336990001600352INLIS00000000000705320150709103047.0  a0010-061500000001174 aYOPDYOG a128 a128 Jac P aT. Jacob aProses Mati dan Nasib Raga Pascamerta /cT. Jacob aYogyakartabGadjah Mada University Pressc1999 a26 hlm.c15 cm. aKematian - Aspek psikologis aYOPDYOG a421-PK/B.01 a430-PK/B.01 a422-PK/B.01